| 000 | 00472nam a22001697a 4500 | ||
|---|---|---|---|
| 003 | OSt | ||
| 005 | 20250128172106.0 | ||
| 008 | 250128b |||||||| |||| 00| 0 eng d | ||
| 020 | _a9788123911922 | ||
| 082 |
_a747 _bSE3I |
||
| 100 | _aSeetharaman, Premavathy | ||
| 245 |
_aInterior Design and Decoration _cby Premavathy Seetharaman and Parveen Pannu |
||
| 260 |
_aNew Delhi _bCBS Publishers _c2025 |
||
| 300 |
_a336p. _bPB |
||
| 700 | _aPannu, Parveen | ||
| 942 |
_2ddc _cBK |
||
| 999 |
_c28165 _d28165 |
||